| 000 | 01142nam a2200313 a 4500 | ||
|---|---|---|---|
| 001 | 000110099 | ||
| 003 | CHAP | ||
| 005 | 20220329144118.0 | ||
| 008 | 140723s2014 mx sm |||||||spa d | ||
| 010 | _a106561 | ||
| 011 | _a107533 | ||
| 040 | _cCHAP | ||
| 090 | _aTesis | ||
| 100 | 0 | 0 |
_aJoaquín Torres, José _961729 |
| 245 | 1 | 0 |
_aCaracterización morfológica y poscosecha de ocho líneas de chile manzano (capsicum pubescens r y p ) _h[En línea] _cpor José Joaquín Torres. |
| 260 |
_aChapingo, Méx. : _bEl autor, _c2014. |
||
| 500 | _aPara ver el contenido del material haga clic en la liga | ||
| 502 | _aTesis (M.C. en Horticultura) -- UACH. Departamento de Fitotecnia | ||
| 590 |
_aBATCH-UPD _b05 _c20141002 _lUCH01 _h0905 |
||
| 590 |
_aE5765TAJ _b05 _c20140723 _lUCH01 _h0934 |
||
| 590 |
_aE5765TAJ _b05 _c20140723 _lUCH01 _h1120 |
||
| 650 | 1 | 4 |
_aChile manzano _xFisiología y morfología. _922455 |
| 650 | 1 | 4 |
_aChile manzano _xPostcosecha. _922463 |
| 650 | 1 | 4 |
_aChile manzano _xVariedades. _922468 |
| 856 |
_aFinding aid _uhttp://10.13.5.2/tesis/sist110099.pdf _zTeclea aquí |
||
| 901 | _aBK | ||
| 942 | _cTESIS | ||
| 942 | _n0 | ||
| 999 |
_c106561 _d106561 |
||